MDQL
is popping MORE tags! Check the
thread
!
Quizzes
Events
Quiz Creation
Community
Videos
Private Events
Remove Ads
Sign In
Join for FREE
Feedback
Dark Mode
Quiz Categories
Sports
Geography
Music
Movies
Television
Just For Fun
Miscellaneous
History
Literature
Language
Science
Gaming
Entertainment
Religion
Holiday
For Kids
Quiz Lab
Recent
Popular Today
Quiz Kudos Today
Editor Picks
Curator Picks
Quizzes by...
Day
Popularity
Type
Ratings
Length
Year
Community
Subscriptions
Recent Discussions
Orange Saloon
Badges
Playlists
Quests
Create
Leaderboards
Showdown
Live 5
Trivia Bingo
Activity
Puzzle Library
Sporcle Events
Private Events
Virtual Trivia
Globe League
Become a Host
Pub Owners
SporcleCon
Opinionation
Our Games
Videos
Blog
Mobile Apps
Partnerships
Remove Ads and Go Orange
Feedback
Miscellaneous
Crossword
General Knowledge
Baby Names
Logo
Food
Cars
Numbers
Grab Bag
University
College
Popular
Company
Slogans
Restaurants
Justice
Letter
Miscellaneous
Crossword
General Knowledge
Baby Names
Logo
Food
Cars
Numbers
Grab Bag
University
College
Popular
Company
Slogans
Restaurants
Justice
Letter
Random Quiz
Search Sporcle
×
Quiz Lab
Quiz Lab
Miscellaneous
Lyrics
Type in answers that appear in a list
Type in answers that appear in a list
Classic
Best Score? Go Orange.
Cornell Alma Mater Stats
Can you name the lyrics to the Cornell Alma Mater?
By
AgentK
4m
78 Questions
133 Plays
133 Plays
133 Plays
Comments
Comments
Give Quiz Kudos
Give Quiz Kudos
-
- Ratings
hide this ad
Replay
Link that replays current quiz
Next Quiz
Link to next quiz in quiz playlist
You Got
0%
They Got
Avg Score
77%
Avg Friend Score
Upgrade to see
Score Distribution
Jump to the score distribution portion of the page
Score
0/78
Timer
04:00
0
Plays Today
% Correct
[Chrous]
100%
[Chorus repeated]
98.5%
above
90.8%
Cayuga's
90.8%
Cornell!
90.8%
above
90.8%
Cornell!
90.8%
the
90.1%
the
90.1%
the
90.1%
the
90.1%
the
90.1%
waters
89.3%
Far
85.5%
Hail
85.5%
Hail
85.5%
hail
85.5%
Far
85.5%
Hail
85.5%
Hail
85.5%
hail
85.5%
our
84.7%
alma
84.7%
mater
84.7%
our
84.7%
alma
84.7%
mater
84.7%
our
84.7%
alma
84.7%
mater
84.7%
to
83.2%
to
83.2%
to
83.2%
it
82.4%
it
82.4%
of
79.4%
of
79.4%
of
79.4%
all
78.6%
% Correct
all
78.6%
thee
77.9%
thee
77.9%
with
77.1%
its
74.8%
noble
74.8%
waves
74%
blue
74%
Stands
74%
Speed
71.8%
Speed
71.8%
glorious
71%
chorus
71%
onward
71%
her
71%
chorus
71%
onward
71%
her
71%
view
70.2%
Lift
69.5%
tell
69.5%
Lift
69.5%
tell
69.5%
town
68.7%
praises
67.9%
praises
67.9%
bustling
67.2%
Loud
66.4%
Loud
66.4%
busy
62.6%
she
62.6%
humming
61.1%
down
61.1%
proudly
59.5%
looks
58.8%
arch
55.7%
heaven
55.7%
against
52.7%
Reared
51.1%
Quiz Playlist
Details
Report
Send in Message
Add To Playlist
Classic:
Type in answers that appear in a list
Last Updated: Feb 16, 2017
Quiz Scoreboard
CHALLENGE
Sign Up to Join the Scoreboard
Show All
Scores
Hide
Comments
May contain spoilers
Recently Published
5x2 Blitz: Bands
by SL_Kpop136
Music
30s
Colored Red Africa Blitz
by spor1
Geography
30s
Find the 'City' Movie
by crazypaving
Movies
60s
More to Explore
Quiz From the Vault
Featured Blog Post
14 Easter Pick-up Lines to Find Eggs With
hide this ad
You Might Also Like...
Tags
Lyrics Quiz
Alma Maters
Cornell
Cornell University
Today's Top Quizzes in Miscellaneous
Browse Miscellaneous
hide this ad
Today's Top Quizzes in Lyrics
Browse Lyrics
Top Contributed Quizzes in Miscellaneous
1
The JOE quick-fire general knowledge quiz: Day 174
2
5-to-1: Fast Food
3
9x9 Crossword: Disney Movie Titles
4
9x9 Crossword: Charlie and the Chocolate Factory
5
The JOE quick-fire general knowledge quiz: Day 173
6
9x9 Crossword: 2022 Movies
7
9x9 Crossword: Actors
8
9x9 Crossword: The Simpsons
9
9x9 Crossword: Pixar Movie Titles
10
9x9 Crossword: Flags
Explore More
Trending Topics
Marvel
NBA
Disney
Anime
Kpop
Crossword
Harry Potter
Pokémon
Country
Puzzle
Song
NFL
Soccer
The Office
WWE
hide this ad
More By:
AgentK
Quiz
Plays
Rating
Category
Featured
Created
'Life in the Fast Lane' lyrics
1,850
4.44
Music
May 23, 2012
Boy Meets World Theme Song
1,400
5.00
Television
Jan 19, 2013
'Your Love' Lyrics
1,287
4.90
Music
Jan 30, 2013
Lyrics: Already Gone by Eagles
839
5.00
Music
Jul 17, 2013
Oklahoma Sooners Football Coaches with 100+ Wins
536
5.00
Sports
May 3, 2011
Go to Creator's Profile
Score Distribution
Quiz Creator Spotlight
AgentK
Follow
Send a Message
Quizzes Created
-
Created Quiz Play Count
-
More By This Creator
Popular Quizzes Today
1
Colored Red Africa Blitz
2
Find the US States - No Outlines Minefield
3
Find the 'City' Movie
4
5x2 Blitz: Bands
5
The Countries of the World
6
Find the US States
7
US States
8
Find the Countries of Europe - No Outlines Minefield
More Miscellaneous Quizzes
Know Your ABC's
Published
Trending Quizzes
Colored Red Europe Blitz I
Colored Red Europe Blitz II
Colored Red Africa Blitz II
Colored Red Europe Blitz III
Colored Red Africa Blitz III
Recently Updated
How Do You Spell That?
pecheneg
Godzilla Movies
pecheneg
Grab Bag: 4-10 Letters
pecheneg
2024 March Madness Bracket
pecheneg
Famous TV Couples
Peacemaker
Champions League XIs: Real Madrid
pecheneg
Largest US Cities 1790-2010
pecheneg
Rides in Walt Disney World
pecheneg
Most Oscar Losses (Acting)
pecheneg
Beyoncé Albums
pecheneg
Trending Topics
Crossword
Anime
Disney
NBA
Harry Potter
Kpop
Marvel
Puzzle
WWE
Country
Pokémon
NFL
The Office
Song
Soccer
Your Account Isn't Verified!
In order to create a playlist on Sporcle, you need to verify the email address you used during registration. Go to your
Sporcle Settings
to finish the process.
Report this User
Report this user for behavior that violates our
Community Guidelines
.
Details:
Send Report
Go to the Sporcle.com Mobile Site →
Comments